Top 50 Gold Cards in FC 26 - Statistics

General Stats
  • This quiz has been taken 14 times
  • The average score is 37 of 50
Answer Stats
Hint Answer % Correct
France ST Mbappe 91
100%
Egypt RW Salah 91
100%
Norway ST Haaland 90
92%
Morocco RB Hakimi 89
92%
England ST Kane 89
92%
Poland ST Lewandowski 88
92%
Netherlands CB Van Dijk 90
92%
Spain RM Yamal 89
92%
Brazil GK Alisson 89
83%
England CAM Bellingham 90
83%
Netherlands CM De Jong 87
83%
Italy GK Donnarumma 89
83%
Sweden ST Isak 88
83%
Spain CM Pedri 89
83%
Brazil LM Raphinha 89
83%
Spain CDM Rodri 90
83%
England RW Saka 88
83%
Uraguay CM Valverde 89
83%
France ST Dembele 90
75%
Portugal CAM Fernandes 87
75%
Brazil CB Gabriel 88
75%
Germany CDM Kimmich 89
75%
Argentina ST Martinez 89
75%
Germany CAM Musiala 88
75%
Slovania GK Oblak 88
75%
England Cdm Rice 87
75%
Portugal Cm Vitinha 89
75%
Germany CAM Wirtz 89
75%
Argentina ST Alvarez 87
67%
Italy CM Barella 87
67%
Guinea ST Guirassy 87
67%
France RB Kounde 87
67%
Argentina CM Mac Allister 87
67%
France GK Maignan 87
67%
Portugal LB Mendes 86
67%
Norway CM Odegaard 87
67%
Nigeria ST Osimhen 87
67%
England Cam Palmer 87
67%
Germany CB Tah 87
67%
Italy CB Bastoni 87
58%
Brazil LW Vini Jr 89
58%
Belgium CM De Bruyne 87
58%
Sweden ST Gyokeres 87
58%
Georgia LW Kvaratskhelia 87
58%
Brazil CB Marquinhos 87
58%
Spain GK Raya 87
58%
France CB Saliba 87
58%
Switzerland GK Sommer 87
58%
Belgium GK Courtios 89
33%
Germany CB Rudiger 86
33%
No matching quizzes found
Score Distribution
Percent of People with Each Score
Percentile by Number Answered
Your Score History
You have not taken this quiz